000 00822nam a22001337a 4500
040 _cRUA
082 _aAVM BY 2012 B103 Or.1
100 _aBY, POKORB.
245 _amethane emissions in local yellow cattle feed cassava root chips and fresh cassava foliage with urea or potassium nitrate (ការបំភាយមេតាន​ របស់គោពូជក្នុងស្រុក​ដោយប្រើប្រាស់ចំណិត មើមដំឡូងមី និង ស្លិងដំឡូងមីស្រស់បន្ថែមអ៊ុយរ៉េ ឬ ប៉ូតាស្យូមនីត្រាត)
260 _aPhnom Penh
_bRUA
_c2012
300 _aviii, 33p.
_bill.
_c29cm.
856 _uhttps://drive.google.com/file/d/13WKHSx-3dupBmTp51SEjqFVhfFsUtZbt/view?usp=sharing
942 _cAVM
999 _c2717
_d2717